On the mineral nutrition of some tropical crops
Kaydedildi:
| Asıl Yazarlar: | , |
|---|---|
| Materyal Türü: | Kitap |
| Dil: | İngilizce |
| Baskı/Yayın Bilgisi: |
Berna
International Potash Institute
1962
|
| Konular: | |
| Etiketler: |
Etiketle
Etiket eklenmemiş, İlk siz ekleyin!
|
MARC
| LEADER | 00000nam a2200000 a 4500 | ||
|---|---|---|---|
| 001 | UCR3689 | ||
| 003 | CL-VaPUC | ||
| 008 | 980130e19620000SZ |||||||||||||||||eng|d | ||
| 082 | 0 | 4 | |a 631.8 |b MAL |2 21 |
| 100 | |a Malavolta, E. |e autor |9 402842 | ||
| 700 | 0 | |a Haag, H. P |e author |9 402843 | |
| 245 | 1 | 0 | |a On the mineral nutrition of some tropical crops |
| 300 | |a 155 p | ||
| 942 | |c BK | ||
| 945 | |d 19980130 00:00:00 |a jquezada | ||
| 260 | |a Berna |b International Potash Institute |c 1962 | ||
| 650 | 0 | |a Nutrición mineral |9 392535 | |
| 650 | 7 | |a PLANTAS TROPICALES |2 CL-VaPUC |9 264443 | |
| 650 | 0 | |a Fertilizantes |9 262833 | |
| 650 | 7 | |a EDAFOLOGIA |2 CL-VaPUC |9 402844 | |
| 583 | |a last modification |c 19980130 00:00:00 |k Rodrigo Vera | ||
| 999 | |c 266737 |d 266735 | ||